[Event "ESP-chT CECLUB Div2"]
[Site "Linares"]
[Date "2024.08.13"]
[Round "4.28"]
[White "Rodriguez Rodriguez, Alvaro"]
[Black "Cuellar Montes, Alejandro"]
[Result "1/2-1/2"]
[WhiteElo "2172"]
[BlackElo "2163"]
[PlyCount "168"]
[EventDate "2024.08.11"]
[EventType "team-swiss"]
[EventRounds "7"]
[EventCountry "ESP"]
[SourceTitle "CBM 221 Extra"]
[Source "ChessBase"]
[SourceDate "2024.09.30"]
[SourceVersion "1"]
[SourceVersionDate "2024.09.30"]
[SourceQuality "1"]
[WhiteTeam "Miraflores Dimalsan"]
[BlackTeam "Pai Elecam"]
[WhiteTeamCountry "ESP"]
[BlackTeamCountry "ESP"]

1. Nf3 d5 2. g3 Bf5 3. Bg2 Nf6 4. 0-0 e6 5. c4 c6 6. cxd5 exd5 7. d3 Be7 8. Qb3 Qb6 9. Qc2 h6 10. Nc3 0-0 11. e4 Bh7 12. Be3 Qa6 13. Rfd1 Nbd7 14. exd5 Nxd5 15. Nxd5 cxd5 16. Qb3 Nf6 17. Bd4 Rfd8 18. Rac1 Rac8 19. Rxc8 Rxc8 20. Ne1 b5 21. Nc2 Qa4 22. Qxa4 bxa4 23. Ne3 a6 24. Bxf6 Bxf6 25. Bxd5 Bxb2 26. Nc4 Bd4 27. Bxf7+ Kh8 28. Ne3 Rc3 29. Bc4 a5 30. Kg2 Bxe3 31. fxe3 Rc2+ 32. Kf3 Bg8 33. Bxg8 Kxg8 34. h4 Rxa2 35. d4 Kf7 36. Rd3 a3 37. Ke4 Ke6 38. Rb3 Ra1 39. Rb6+ Ke7 40. Ra6 Rg1 41. Rxa5 Rxg3 42. Kf4 Rh3 43. Rxa3 Rxh4+ 44. Kf5 Rh5+ 45. Kg4 Rd5 46. Ra6 Rd6 47. Ra5 Kf6 48. Rf5+ Ke6 49. Rf8 Ke7 50. Ra8 Kf6 51. Ra5 Ke6 52. Rf5 g6 53. Rf2 Kd5 54. Rf8 Ke6 55. Rh8 h5+ 56. Kg5 Kd5 57. Re8 Re6 58. Rxe6 Kxe6 59. e4 Kd6 60. Kf6 h4 61. e5+ Kc7 62. e6 h3 63. e7 h2 64. e8Q h1Q 65. Qe5+ Kc6 66. Qc5+ Kd7 67. Qa7+ Kd6 68. Qe7+ Kc6 69. Qe8+ Kc7 70. Qf7+ Kc6 71. Qe6+ Kc7 72. Qe5+ Kc6 73. Qc5+ Kd7 74. Qa7+ Kd6 75. Qb8+ Kd7 76. Qb5+ Qc6+ 77. Qxc6+ Kxc6 78. Ke6 Kc7 79. Ke7 Kc6 80. Ke6 Kc7 81. d5 Kd8 82. Kf6 Kd7 83. Kxg6 Kd6 84. Kg7 Kxd5 1/2-1/2

[Event "ESP-ch 88th"]
[Site "Marbella"]
[Date "2023.10.16"]
[Round "4"]
[White "Vazquez Pino, Miguel Angel"]
[Black "Rodriguez Rodriguez, Alvaro"]
[Result "1/2-1/2"]
[WhiteElo "2059"]
[BlackElo "2187"]
[PlyCount "73"]
[EventDate "2023.10.13"]
[EventType "swiss"]
[EventRounds "9"]
[EventCountry "ESP"]
[SourceTitle "CBM 216 Extra"]
[Source "ChessBase"]
[SourceDate "2023.11.30"]
[SourceVersion "1"]
[SourceVersionDate "2023.11.30"]
[SourceQuality "1"]

1. e4 c5 2. Nf3 d6 3. Bb5+ Bd7 4. Bxd7+ Nxd7 5. 0-0 Ngf6 6. Re1 e6 7. c3 Be7 8. d4 0-0 9. Bf4 Qb6 10. Qc2 cxd4 11. cxd4 Rac8 12. Nc3 d5 13. e5 Ne4 14. Rab1 Rc7 15. Qa4 Nxc3 16. bxc3 Qc6 17. Qxc6 bxc6 18. Rb3 Rfc8 19. Reb1 c5 20. h3 Nb6 21. Bd2 h6 22. Ra1 cxd4 23. cxd4 Rc2 24. a4 Nc4 25. Be1 Rb2 26. Rb1 Rxb3 27. Rxb3 Bd8 28. Rb7 Bb6 29. Bb4 Rc7 30. Rb8+ Kh7 31. g3 a5 32. Be1 Rc6 33. Rb7 Nb2 34. Bxa5 Bxa5 35. Rxb2 Rc1+ 36. Kg2 Ra1 37. Rb7 1/2-1/2

[Event "Seville op 39th"]
[Site "Seville"]
[Date "2014.01.13"]
[Round "4"]
[White "Carretero Ortiz, Francisco"]
[Black "Rodriguez Rodriguez, Alvaro"]
[Result "1/2-1/2"]
[WhiteElo "2251"]
[BlackElo "1968"]
[PlyCount "50"]
[EventDate "2014.01.10"]
[EventType "swiss"]
[EventRounds "9"]
[EventCountry "ESP"]
[SourceTitle "CBM 158 Extra"]
[Source "ChessBase"]
[SourceDate "2014.02.28"]
[SourceVersion "1"]
[SourceVersionDate "2014.02.28"]
[SourceQuality "1"]

1. Nc3 c5 2. Nf3 Nf6 3. e4 d6 4. d4 cxd4 5. Qxd4 a6 6. Be3 Nc6 7. Qb6 Qxb6 8. Bxb6 g6 9. 0-0-0 Bg7 10. e5 dxe5 11. Nxe5 0-0 12. Nxc6 bxc6 13. Bc4 Bf5 14. f3 g5 15. g4 Bg6 16. Rhe1 e6 17. Rd6 Rfc8 18. Na4 Nd5 19. Bf2 Rc7 20. Bg3 Bf8 21. Rxd5 cxd5 22. Bxc7 Rc8 23. Bxa6 Rxc7 24. Re2 Ra7 25. Bb5 Ra5 1/2-1/2

[Event "ESP-ch U16"]
[Site "Salobrena"]
[Date "2012.07.18"]
[Round "5"]
[White "Rodriguez Rodriguez, Alvaro"]
[Black "Forsberg Conde, Martin"]
[Result "1/2-1/2"]
[WhiteElo "1811"]
[BlackElo "2046"]
[PlyCount "79"]
[EventDate "2012.07.16"]
[EventType "swiss"]
[EventRounds "9"]
[EventCountry "ESP"]
[SourceTitle "EXT 2014"]
[Source "ChessBase"]
[SourceDate "2013.11.20"]
[SourceVersion "1"]
[SourceVersionDate "2013.11.20"]
[SourceQuality "1"]

1. e4 e5 2. Nf3 Nc6 3. Bb5 a6 4. Bxc6 dxc6 5. d4 exd4 6. Qxd4 Qxd4 7. Nxd4 Bd7 8. Be3 0-0-0 9. Nd2 c5 10. Ne2 b6 11. 0-0-0 g6 12. Nc3 Bc6 13. Nc4 Rxd1+ 14. Rxd1 Bg7 15. f3 Ne7 16. Bg5 f6 17. Bf4 h6 18. Ne3 f5 19. Ncd5 Nxd5 20. Nxd5 Bxd5 21. exd5 g5 22. Bd2 Kd7 23. Re1 c4 24. Re6 Re8 25. Rg6 Bf8 26. Kd1 Re5 27. Rf6 Ke8 28. Rc6 Rxd5 29. Rxc4 Bd6 30. g3 Kd7 31. Ke2 Be5 32. Bc1 c5 33. Ra4 a5 34. Ra3 Bd6 35. Rd3 Kc6 36. c4 Re5+ 37. Re3 Rxe3+ 38. Bxe3 Be5 39. b3 Bf6 40. Bc1 1/2-1/2

[Event "Andalucia-ch"]
[Site "Lucena"]
[Date "2012.04.28"]
[Round "4"]
[White "Rodriguez Rodriguez, Alvaro"]
[Black "Fernandez Garcia, Jose Miguel"]
[Result "0-1"]
[WhiteElo "1811"]
[BlackElo "2368"]
[PlyCount "74"]
[EventDate "2012.04.26"]
[EventType "swiss"]
[EventRounds "9"]
[EventCountry "ESP"]
[SourceTitle "EXT 2013"]
[Source "ChessBase"]
[SourceDate "2012.11.22"]
[SourceVersion "1"]
[SourceVersionDate "2012.11.22"]
[SourceQuality "1"]

1. e4 e5 2. Nf3 Nc6 3. Bb5 a6 4. Bxc6 dxc6 5. d4 exd4 6. Qxd4 Qxd4 7. Nxd4 c5 8. Ne2 Nf6 9. f3 Bd7 10. Bf4 0-0-0 11. g4 Bc6 12. Nd2 b6 13. 0-0-0 h5 14. g5 Nd7 15. Rhe1 g6 16. Nc3 Bg7 17. Nd5 Ne5 18. Bxe5 Bxe5 19. Nc4 Bxh2 20. Nce3 Rhe8 21. Re2 Bg3 22. Red2 Kb7 23. Rg2 Be5 24. c3 Bxd5 25. Nxd5 c6 26. Nf6 Bf4+ 27. Kc2 Rxd1 28. Kxd1 Rd8+ 29. Kc2 c4 30. Nh7 h4 31. Nf6 h3 32. Rf2 h2 33. Rf1 Rd2+ 34. Kb1 Rg2 35. Ng4 Rg1 36. Nxh2 Bxh2 37. Rxg1 Bxg1 0-1